Daily Capital City Riddle #104 - Statistics

General Stats
  • This quiz has been taken 26 times
  • The average score is 28 of 31
Answer Stats
Type Answer % Correct
Found Letter A
100%
Found Letter E
100%
Alphabet Letter I
100%
Alphabet Letter O
100%
Alphabet Letter R
100%
Alphabet Letter D
95%
Correctly Placed Letter E
95%
Alphabet Letter H
95%
Found Letter L
95%
Found Letter M
95%
Alphabet Letter S
95%
Correctly Placed Letter A
90%
Alphabet Letter B
90%
Alphabet Letter C
90%
Alphabet Letter G
90%
Alphabet Letter K
90%
Correctly Placed Letter L
90%
Alphabet Letter N
90%
Alphabet Letter T
90%
Alphabet Letter V
90%
Alphabet Letter Y
90%
Alphabet Letter F
86%
Alphabet Letter J
86%
Correctly Placed Letter M
86%
Mystery Capital Malé
86%
Alphabet Letter P
86%
Alphabet Letter Q
86%
Alphabet Letter U
86%
Alphabet Letter W
86%
Alphabet Letter X
86%
Alphabet Letter Z
86%
No matching quizzes found
Score Distribution
Percent of People with Each Score
Percentile by Number Answered
Your Score History
You have not taken this quiz